Preventive medicine and hygiene / (Record no. 132772)

MARC details
000 -LEADER
campo de control de longitud fija 00579nam a2200205 i 4500
001 - NÚMERO DE CONTROL
campo de control 132772
003 - IDENTIFICADOR DE NÚMERO DE CONTROL
campo de control ES-MaACL
005 - FECHA Y HORA DE LA ÚLTIMA TRANSACCIÓN
campo de control 20250806062843.0
007 - CAMPO FIJO DE DESCRIPCIÓN FÍSICA--INFORMACIÓN GENERAL
campo de control de longitud fija t|
008 - DATOS DE LONGITUD FIJA--INFORMACIÓN GENERAL
campo de control de longitud fija 070214s1922 xxu r ||||1| eng d
100 1# - ENTRADA PRINCIPAL--NOMBRE DE PERSONA
Nombre de persona Rosenau, Milton J.
9 (RLIN) 99717
245 10 - MENCIÓN DEL TÍTULO
Título Preventive medicine and hygiene /
Mención de responsabilidad, etc. Milton J. Rosenau.
250 ## - MENCION DE EDICION
Mención de edición 4ª. ed.
260 ## - PUBLICACIÓN, DISTRIBUCIÓN, ETC.
Lugar de publicación, distribución, etc. New York :
Nombre del editor, distribuidor, etc. D. Appleton,
Fecha de publicación, distribución, etc. 1922.
300 ## - DESCRIPCIÓN FÍSICA
Extensión XXXII, 1567 p. :
Otras características físicas il. ;
Dimensiones 24 cm.
650 04 - PUNTO DE ACCESO ADICIONAL DE MATERIA--TÉRMINO DE MATERIA
Término de materia o nombre geográfico como elemento de entrada Higiene.
9 (RLIN) 13347
650 07 - PUNTO DE ACCESO ADICIONAL DE MATERIA--TÉRMINO DE MATERIA
Término de materia o nombre geográfico como elemento de entrada Medicina preventiva
Fuente del encabezamiento o término embne
9 (RLIN) 14936
852 ## - LOCALIZACIÓN
Ubicación ES-MaACL
Número de control de estantería B-11189
Holdings
Estatus retirado Estado de pérdida Estado de daño No para préstamo Biblioteca de origen Biblioteca actual Ubicación en estantería Fecha de adquisición Fuente de adquisición Total de préstamos Signatura topográfica completa Código de barras Visto por última vez Precio de reemplazo Tipo de ítem Koha
        Biblioteca del Ateneo de Madrid Biblioteca del Ateneo de Madrid Sala Pardo Bazán 17/01/2008     B-11189 1138226 23/02/2023 23/02/2023 Libro impreso